Oedipus rex (Record no. 170478)
[ view plain ]
| 000 -LEADER | |
|---|---|
| campo de control de longitud fija | 00990nam a2200253 i 4500 |
| 001 - NÚMERO DE CONTROL | |
| campo de control | 170478 |
| 003 - IDENTIFICADOR DE NÚMERO DE CONTROL | |
| campo de control | ES-MaACL |
| 005 - FECHA Y HORA DE LA ÚLTIMA TRANSACCIÓN | |
| campo de control | 20240505063027.0 |
| 007 - CAMPO FIJO DE DESCRIPCIÓN FÍSICA--INFORMACIÓN GENERAL | |
| campo de control de longitud fija | t| |
| 008 - DATOS DE LONGITUD FIJA--INFORMACIÓN GENERAL | |
| campo de control de longitud fija | 090309s1980 fr ||||1| fre d |
| 080 ## - NÚMERO DE LA CLASIFICACIÓN DECIMAL UNIVERSAL | |
| Número de la Clasificación Decimal Universal | 782(44) |
| 100 1# - ENTRADA PRINCIPAL--NOMBRE DE PERSONA | |
| Nombre de persona | Cocteau, Jean, |
| Fechas asociadas al nombre | 1889-1963 |
| 9 (RLIN) | 39410 |
| 245 10 - MENCIÓN DEL TÍTULO | |
| Título | Oedipus rex |
| Resto del título | = Oedipe roi : opéra-oratorio en deux actes d'après Sophocle / |
| Mención de responsabilidad, etc. | musique de Igor F. Stravinsky ; texte de Jean Cocteau, mis en latin par Jean Daniélou ; traduction française et commentaires de André Robbe. |
| 246 11 - FORMA VARIANTE DEL TITULO | |
| Título propio/Titulo breve | Oedipe roi |
| 260 ## - PUBLICACIÓN, DISTRIBUCIÓN, ETC. | |
| Lugar de publicación, distribución, etc. | Paris : |
| Nombre del editor, distribuidor, etc. | Théâtre National de l'Opéra, |
| Fecha de publicación, distribución, etc. | 1980. |
| 300 ## - DESCRIPCIÓN FÍSICA | |
| Extensión | 64 p. ; |
| Dimensiones | 21 cm. |
| 546 ## - NOTA DE IDIOMA | |
| Nota de lengua/lenguaje | Libreto en latín, y traducción en francés. |
| 700 0# - ENTRADA AGREGADA--NOMBRE PERSONAL | |
| Nombre de persona | Sófocles. |
| 9 (RLIN) | 107023 |
| 700 1# - ENTRADA AGREGADA--NOMBRE PERSONAL | |
| Nombre de persona | Stravinsky, Igor. |
| 9 (RLIN) | 139612 |
| 700 0# - ENTRADA AGREGADA--NOMBRE PERSONAL | |
| Nombre de persona | Daniélou, Jean. |
| 9 (RLIN) | 42633 |
| 710 2# - ENTRADA AGREGADA--NOMBRE DE ENTIDAD CORPORATIVA | |
| Nombre de entidad corporativa o nombre de jurisdicción como elemento de entrada | Opéra national de Paris. |
| 9 (RLIN) | 15716 |
| 852 4# - LOCALIZACIÓN | |
| Ubicación | ES-MaACL |
| Número de control de estantería | E-12497 |
| itemnumber | R.140075 |
| Nota libre | . - Biblioteca Jacinto Martínez Lacalle |
| Estatus retirado | Estado de pérdida | Estado de daño | No para préstamo | Biblioteca de origen | Biblioteca actual | Ubicación en estantería | Fecha de adquisición | Fuente de adquisición | Total de préstamos | Signatura topográfica completa | Código de barras | Visto por última vez | Precio de reemplazo | Tipo de ítem Koha |
|---|---|---|---|---|---|---|---|---|---|---|---|---|---|---|
| Biblioteca del Ateneo de Madrid | Biblioteca del Ateneo de Madrid | Depósito 2 | 09/03/2009 | E-12497 | 1178928 | 23/02/2023 | 23/02/2023 | Libro impreso |
